Top 15 Länder mit Covid-19-Todesfällen - 15. Feb 2021 - Statistiken

Allgemein
  • Dieses Quiz wurde 22 mal gespielt
  • Das Durchschnittsergebnis liegt bei 17 aus 24
Antwortstatistiken
Land % Korrekt
Frankreich
100%
Vereinigte Staaten
100%
Brasilien
95%
Spanien
95%
Vereinigtes Königreich
95%
Deutschland
91%
Italien
91%
Indien
86%
Mexiko
86%
Russland
86%
Portugal
82%
Argentinien
77%
Kolumbien
73%
Südafrika
73%
Peru
68%
Tschechien
68%
Belgien
55%
Iran
55%
Kroatien
45%
Slowenien
41%
Ungarn
32%
Bosnien und Herzegowina
23%
Bulgarien
23%
Nordmazedonien
14%
Keine übereinstimmenden Quizze gefunden
Verteilung der Resultate
Anzahl Personen mit jedem Resultat
Perzentil nach korrekt beantworteten Fragen
Ihre Resultats-Entwicklung
Sie haben dieses Quiz noch nicht gespielt